| 000 | 00446cam a2200133 a 4500 | ||
|---|---|---|---|
| 020 |
_a1877729051 : _c$29.95 |
||
| 050 | 0 | 0 |
_aRB 128 _b.F6 1992 |
| 100 | 1 | _aFrancis, James H. | |
| 245 | 1 | 0 |
_aAcute and chronic headaches : _ba guide for the primary physician and the headache specialist / _cJames H. Francis. |
| 260 |
_aIrving, Tex. : _bAardvark Publishers, _cc1992. |
||
| 300 | _axii, 352 p. : | ||
| 650 | 0 | _xHandbooks, manuals, etc. | |
| 942 |
_2lcc _cGEN |
||
| 999 |
_c14238 _d14238 |
||